Making the cut at Pixar : (Record no. 31153)
[ view plain ]
| 000 -LEADER | |
|---|---|
| fixed length control field | 02743nam a2200361 i 4500 |
| 001 - CONTROL NUMBER | |
| control field | ssj0002544193 |
| 003 - CONTROL NUMBER IDENTIFIER | |
| control field | EG-ScBUE |
| 005 - DATE AND TIME OF LATEST TRANSACTION | |
| control field | 20260405095503.0 |
| 008 - FIXED-LENGTH DATA ELEMENTS--GENERAL INFORMATION | |
| fixed length control field | 211120s2022 nyua f b 001 0 eng d |
| 020 ## - INTERNATIONAL STANDARD BOOK NUMBER | |
| Cancelled/invalid ISBN | 9780367766146 |
| 040 ## - CATALOGING SOURCE | |
| Original cataloging agency | DLC |
| Language of cataloging | eng |
| Description conventions | rda |
| Transcribing agency | DLC |
| Modifying agency | DLC |
| -- | WaSeSS |
| -- | EG-ScBUE |
| 082 04 - DEWEY DECIMAL CLASSIFICATION NUMBER | |
| Classification number | 777.7 |
| Edition number | 22 |
| Item number | KIN |
| 100 1# - MAIN ENTRY--PERSONAL NAME | |
| Personal name | Kinder, Bill |
| Titles and other words associated with a name | (Film editor) |
| Relator term | author. |
| 245 10 - TITLE STATEMENT | |
| Title | Making the cut at Pixar : |
| Remainder of title | the art of editing animation / |
| Statement of responsibility, etc | Bill Kinder and Bobbie O'Steen. |
| 264 #1 - PUBLICATION, DISTRIBUTION, ETC. (IMPRINT) | |
| Place of publication, distribution, etc | New York ; |
| -- | Abingdon, Oxon : |
| Name of publisher, distributor, etc | Routledge, |
| Date of publication, distribution, etc | 2022. |
| 300 ## - PHYSICAL DESCRIPTION | |
| Extent | ix, 244 pages : |
| Other physical details | illustrations ; |
| Dimensions | 20 cm |
| 336 ## - CONTENT TYPE | |
| Source | rdacontent |
| Content type term | text |
| Content type code | txt |
| 337 ## - MEDIA TYPE | |
| Source | rdamedia |
| Media type term | unmediated |
| Media type code | n |
| 338 ## - CARRIER TYPE | |
| Source | rdacarrier |
| Carrier type term | volume |
| Carrier type code | nc |
| 500 ## - GENERAL NOTE | |
| General note | "A Focal Press book." |
| 504 ## - BIBLIOGRAPHY, ETC. NOTE | |
| Bibliography, etc | Includes bibliographical references and index. |
| 505 0# - FORMATTED CONTENTS NOTE | |
| Formatted contents note | Introduction. Reframing the editor -- The hub of the wheel : the setup -- "Story, story, story..." : edi-storial -- Conducting a concerto : sound -- Edit first, shoot later : layout -- Cutting Jell-O : workplace challenges -- Out of the Galápagos : editors and technology adapt -- Afterword. Why does it matter? |
| 506 ## - RESTRICTIONS ON ACCESS NOTE | |
| Terms governing access | Available on campus and off campus with authorized login. |
| 520 ## - SUMMARY, ETC. | |
| Summary, etc | "Join industry experts Bill Kinder and Bobbie O'Steen as they guide readers on a journey through every stage of production on an animated film, from storyboards to virtual cameras to final animation. With unprecedented access to the Pixar edit suite, this authoritative project highlights the central role film editors play in some of the most critically acclaimed and commercially successful movies of all time. The animation editor's key contributions emerge through exclusive interviews with Pixar editors, as well as directors, producers, and creative heads. Case studies of never-before-seen works in progress reveal the editor's profound responsibility to a film's audience. In addition to exploring method and craft, this book provides important context for the editor in film history, the evolution of technology, and Pixar's uniquely collaborative studio culture. A must-read for students of digital filmmaking methods, filmmakers in all aspects of production, and fans of Pixar movies. This uniquely educational, historical, and entertaining book sheds light on how beloved stories are crafted from the perspective of crucial members of the filmmaking team"-- |
| Assigning source | Provided by publisher. |
| 610 27 - SUBJECT ADDED ENTRY--CORPORATE NAME | |
| Corporate name or jurisdiction name as entry element | Pixar (Firm) |
| Source of heading or term | BUEsh |
| 650 #7 - SUBJECT ADDED ENTRY--TOPICAL TERM | |
| Topical term or geographic name as entry element | Computer animation. |
| Source of heading or term | BUEsh |
| 650 #7 - SUBJECT ADDED ENTRY--TOPICAL TERM | |
| Topical term or geographic name as entry element | Motion pictures |
| General subdivision | Editing. |
| Source of heading or term | BUEsh |
| 650 #7 - SUBJECT ADDED ENTRY--TOPICAL TERM | |
| Topical term or geographic name as entry element | Animated films |
| General subdivision | Production and direction. |
| Source of heading or term | BUEsh |
| 653 ## - INDEX TERM--UNCONTROLLED | |
| Arrived date list | April2026 |
| Resource For college | Arts and Design |
| 655 ## - INDEX TERM--GENRE/FORM | |
| Form subdivision | Reading book |
| 700 1# - ADDED ENTRY--PERSONAL NAME | |
| Personal name | O'Steen, Bobbie, |
| Dates associated with a name | 1952- |
| Relator term | author. |
| 942 ## - ADDED ENTRY ELEMENTS (KOHA) | |
| Source of classification or shelving scheme | Dewey Decimal Classification |
| Koha item type | Book - Borrowing |
| Withdrawn status | Lost status | Source of classification or shelving scheme | Damaged status | Not for loan | Collection code | Home library | Current library | Shelving location | Date acquired | Source of acquisition | Cost, normal purchase price | Serial Enumeration / chronology | Total Checkouts | Full call number | Barcode | Date last seen | Cost, replacement price | Price effective from | Koha item type |
|---|---|---|---|---|---|---|---|---|---|---|---|---|---|---|---|---|---|---|---|
| Dewey Decimal Classification | Baccah | Central Library | Central Library | Second Floor | 05/04/2026 | Purchase | 2769.00 | 40179 | 777.7 KIN | 000057564 | 05/04/2026 | 3461.00 | 05/04/2026 | Book - Borrowing |